LEADER 00998nam0-22003611i-450- 001 990003200950403321 010 $a0-86187-337-8 035 $a000320095 035 $aFED01000320095 035 $a(Aleph)000320095FED01 035 $a000320095 100 $a20000920d1983----km-y0itay50------ba 101 0 $aita 102 $aIT 200 1 $aSouth-South Financial Co-operation$eApproaches to the Current Crisis$eThe Jamaica Papers$fedited by Dragoslav Avramovic. 210 $aLondon$cFrances Pinter$d1983. 215 $a205 p.$d22 cm 610 0 $aCooperazione internazionale 610 0 $aDebito estero 610 0 $aSviluppo 676 $aF/3.2 676 $aF/3.3 676 $aO/1.341 676 $aO/2.224 702 1$aAvramovic,$bDragoslav 801 0$aIT$bUNINA$gRICA$2UNIMARC 901 $aBK 912 $a990003200950403321 952 $aO/1341 SOU$b1563$fSES 959 $aSES 996 $aSouth-South Financial Co-operation$9453007 997 $aUNINA DB $aING01 LEADER 01181nam 2200373Ia 450 001 996397118203316 005 20200818211854.0 035 $a(CKB)4940000000059204 035 $a(EEBO)2240862433 035 $a(OCoLC)ocm13682424e 035 $a(OCoLC)13682424 035 $a(EXLCZ)994940000000059204 100 $a19860603d1679 uy | 101 0 $aeng 135 $aurbn||||a|bb| 200 10$aNaboth's vinyard, or, The innocent traytor$b[electronic resource] $ecopied from the orginal of Holy Scripture : in heroick verse 210 $aLondon $cPrinted for C.R.$d1679 215 $a20 p 300 $aWritten by John Caryll. Cf. MacDonald, H. John Dryden, 190b 300 $aOne of two editions issued in 1679. 300 $aReproduction of original in Huntington Library. 330 $aeebo-0113 606 $aPolitical satire, English 615 0$aPolitical satire, English. 700 $aCaryll$b John$f1625-1711.$01004294 801 0$bEAA 801 1$bEAA 801 2$bm/c 801 2$bEAA 801 2$bWaOLN 906 $aBOOK 912 $a996397118203316 996 $aNaboth's vinyard, or, The innocent traytor$92408996 997 $aUNISA LEADER 03986nam 22006972 450 001 9910779339503321 005 20151005020622.0 010 $a1-139-88781-5 010 $a1-139-79311-X 010 $a1-139-78315-7 010 $a0-511-97900-2 010 $a1-139-77873-0 010 $a1-139-78172-3 010 $a1-139-77569-3 010 $a1-283-81237-1 010 $a1-139-77721-1 035 $a(CKB)2550000000708660 035 $a(EBL)1042402 035 $a(OCoLC)833770550 035 $a(SSID)ssj0000755673 035 $a(PQKBManifestationID)11468651 035 $a(PQKBTitleCode)TC0000755673 035 $a(PQKBWorkID)10731786 035 $a(PQKB)11055619 035 $a(UkCbUP)CR9780511979002 035 $a(Au-PeEL)EBL1042402 035 $a(CaPaEBR)ebr10623131 035 $a(CaONFJC)MIL412487 035 $a(MiAaPQ)EBC1042402 035 $a(PPN)180686445 035 $a(EXLCZ)992550000000708660 100 $a20101014d2013|||| uy| 0 101 0 $aeng 135 $aur||||||||||| 181 $ctxt$2rdacontent 182 $cc$2rdamedia 183 $acr$2rdacarrier 200 10$aExploring language in a multilingual context $evariation, interaction and ideology in language documentation /$fBettina Migge, Isabelle Le?glise$b[electronic resource] 210 1$aCambridge :$cCambridge University Press,$d2013. 215 $a1 online resource (xi, 359 pages) $cdigital, PDF file(s) 300 $aTitle from publisher's bibliographic system (viewed on 05 Oct 2015). 311 $a1-107-59532-0 311 $a0-521-19555-1 320 $aIncludes bibliographical references and index. 327 $a1. Introduction -- 2. The political, social and linguistic contexts of French Guiana -- 3. The Maroons: historical and anthropological notes -- 4. What's in the name Takitaki? Investigating linguistic ideologies -- 5. The social profiles of some Takitaki speakers: the data for this study -- 6. Towards the linguistic structure of Takitaki: an analysis of Takitaki -- 7. Communicating in Takitaki: Maroons and non-Maroons in interaction -- 8. Linguistic practices among urban Maroons -- 9. On Takitaki and its insights. 330 $aProposing a new methodological approach to documenting languages spoken in multilingual societies, this book retraces the investigation of one unique linguistic space, the Creole varieties referred to as Takitaki in multilingual French Guiana. It illustrates how interactional sociolinguistic, anthropological linguistic, discourse analytical and quantitative sociolinguistic approaches can be integrated with structural approaches to language in order to resolve rarely discussed questions systematically (what are the outlines of the community, who is a rightful speaker, what speech should be documented) that frequently crop up in projects of language documentation in multilingual contexts. The authors argue that comprehensively documenting complex linguistic phenomena requires taking into account the views of all local social actors (native and non-native speakers, institutions, linguists, non-speakers, etc.), applying a range of complementary data collection and analysis methods and putting issues of ideology, variation, language contact and interaction centre stage. This book will be welcomed by researchers in sociolinguistics, linguistic anthropology, fieldwork studies, language documentation and language variation and change. 606 $aSranan language$xGrammar, Historical 606 $aSranan language$zFrench Guiana 607 $aFrench Guiana$xLanguages 615 0$aSranan language$xGrammar, Historical. 615 0$aSranan language 676 $a427/.9882 686 $aLAN009000$2bisacsh 700 $aMigge$b Bettina$01475071 702 $aLe?glise$b Isabelle 801 0$bUkCbUP 801 1$bUkCbUP 906 $aBOOK 912 $a9910779339503321 996 $aExploring language in a multilingual context$93726149 997 $aUNINA